The Midwest - Native American City Names - Statistics

General Stats
  • This quiz has been taken 38 times
  • The average score is 8 of 50
Answer Stats
Hint Answer % Correct
IL 2,746,388 Miami-Illinois "wild onion" Chicago
97%
WI 577,222 Ojibwe "good land" Milwaukee
89%
IL 113,150 Miami–Illinois "comes carrying a pack on his back" Peoria
64%
WI 99,986 Potawatomi "place of the pike" Kenosha
47%
WI 66,816 Menominee "claw" Oshkosh
44%
MI 73,598 Potawatomi "boiling water" Kalamazoo
36%
MI 44,202 Ojibwe "place of the outlet" Saginaw
36%
IL 89,321 Potawatomi "little fort" Waukegan
36%
WI 49,929 Menominee "at a hearing distance in the woods" Sheboygan
33%
WI 71,158 Ojibwe "foxes" Waukesha
31%
WI 39,994 Ojibwe "place far away" Wausau
28%
WI 34,626 Menominee "land of spirits" Manitowoc
22%
MN 53,781 Ojibwe "big waters" Minnetonka
22%
MI 38,318 Odawa "marshy river" Muskegon
22%
MN 44,488 Dakota "blue earth river" Mankato
19%
IN 59,604 Miami-Illinois (eponymous chief) Kokomo
17%
WI 48,387 Potawatomi "firefly" Wauwatosa
17%
OH 51,114 Mohawk "crooked river" Cuyahoga (Falls)
14%
IL 11,150 Odawa (eponymous chief) Pontiac
14%
OH 17,975 Lenape "always sharing around enough fish" Ashtabula
8%
MN 14,574 Ojibwe "a lake with crossing waters" Bemidji
8%
MI 12,450 Ojibwe "land of the red buck" Escanaba
8%
IN 51,063 Potawatomi "at the firewood-tree land" Mishawaka
8%
OH 25,095 Wyandot "water" Sandusky
8%
MN 25,948 Sioux (female forename) Winona
8%
OH 22,059 Shawnee "principal town" Chillicothe
6%
WI 27,319 Winnebago "running water" Neenah
6%
IA 25,529 Meskwaki "tumbling waters" Ottumwa
6%
MN 43,698 Dakota (eponymous chief) Shakopee
6%
IN 10,440 Lenape "pure white" Wabash
6%
MN 17,921 Dakota "on both sides" Anoka
3%
IL 24,052 Miami-Illinois "open land" Kankakee
3%
IL 12,509 Winnebago "prairie chicken" Kewanee
3%
IA 11,558 Muscogee "black rain" Oskaloosa
3%
IL 18,840 Ojibwe "trade" Ottawa
3%
MN 26,420 Dakota "straight river" Owatonna
3%
IA 23,940 Ojibwe "place" Waukee
3%
MI 76,501 Lenape "at the big river flat" Wyoming
3%
MN 25,947 Dakota "sugar-maple tree" Chanhassen
0%
MN 27,810 Dakota (male forename) Chaska
0%
OH 12,318 Seneca "increasing waters" Conneaut
0%
OH 11,050 Lenape "union of waters" Coshocton
0%
OH 35,726 Shawnee "three creeks converging" Gahanna
0%
WI 25,142 Ojibwe "ladle" Mequon
0%
IA 23,797 Meskwaki "prairie" Muscatine
0%
MN 19,966 Mohawk "place of the rock" Otsego
0%
MI 14,714 Ojibwe (eponymous chief) Owosso
0%
OH 17,886 Lenape "at some point a swell exists" Pataskala
0%
OH 20,354 Shawnee "ashes" Piqua
0%
MN 13,742 Sioux "spring" Waconia
0%
No matching quizzes found
Score Distribution
Percent of People with Each Score
Percentile by Number Answered
Your Score History
You have not taken this quiz